Plant Protoplasts and Genetic Engineering II (Record no. 357749)
[ view plain ]
| 000 -LEADER | |
|---|---|
| fixed length control field | 003150000a22001330004500 |
| 005 - DATE AND TIME OF LATEST TRANSACTION | |
| control field | 20250903142401.0 |
| 020 ## - INTERNATIONAL STANDARD BOOK NUMBER | |
| International Standard Book Number | 0387507892 |
| 082 ## - DEWEY DECIMAL CLASSIFICATION NUMBER | |
| Classification number | 581.873 PLA.02 |
| 100 ## - MAIN ENTRY--PERSONAL NAME | |
| Personal name | Y P S Bajaj |
| 245 ## - TITLE STATEMENT | |
| Title | Plant Protoplasts and Genetic Engineering II |
| 260 ## - PUBLICATION, DISTRIBUTION, ETC. (IMPRINT) | |
| Place of publication, distribution, etc. | USA, Springer-Verlag |
| Date of publication, distribution, etc. | 1989 |
| 300 ## - PHYSICAL DESCRIPTION | |
| Extent | 499 |
| 942 ## - ADDED ENTRY ELEMENTS (KOHA) | |
| Koha item type | Books (General) |
| Withdrawn status | Lost status | Damaged status | Not for loan | Collection code | Home library | Current library | Shelving location | Date acquired | Total Checkouts | Full call number | Barcode | Date last seen | Price effective from | Koha item type |
|---|---|---|---|---|---|---|---|---|---|---|---|---|---|---|
| Reference Book | College of Agriculture, Vellayani | College of Agriculture, Vellayani | Reference | 02/05/2014 | 581.873 PLA.02 | KAU_COAV-25051 | 02/05/2014 | 02/05/2014 | Reference Book |
